000 00776nam a2200241 a 4500
999 _c68894
_d68893
005 20180519112933.0
008 960221s1955 dcuabcdjdbkoqu001 0deng d
020 _a0471188204
080 _a541.1
_bCRO
100 _aCrockford, H D
245 _aFundamentals of physical chemistry
250 _a2nd. ed.
260 _aNew York
_bWiley Eastern
_c1964
300 _axii, 416p.
_c23 cm.
653 _aPhysical chemistry
_aPolymers
_aThermodynamics
_aChemistry
_aSpectroscopy
_aBiochemistry
_aSpectrum analysis
_aAcids
_aBases- chemistry
_aPhysical science
_aChemical engineering
_aBiotechnology
_aChemical technology
700 _aKnight, Samuel B
942 _cBK
003 ViArRB